<?xml version="1.0" encoding="UTF-8"?>
<collection xmlns="http://www.loc.gov/MARC21/slim">
<record>
  <controlfield tag="001">167470</controlfield>
  <controlfield tag="005">20260121151437.0</controlfield>
  <datafield tag="037" ind1=" " ind2=" ">
    <subfield code="a">TAZ-TFG-2025-376</subfield>
  </datafield>
  <datafield tag="041" ind1=" " ind2=" ">
    <subfield code="a">spa</subfield>
  </datafield>
  <datafield tag="100" ind1="1" ind2=" ">
    <subfield code="a">Taferguelt Abdelmoumene, Melissa</subfield>
  </datafield>
  <datafield tag="242" ind1="0" ind2="0">
    <subfield code="a">Ataxia Telangiectasia: Bibliographic review.</subfield>
  </datafield>
  <datafield tag="245" ind1="0" ind2="0">
    <subfield code="a">Ataxia Telangiectasia: Revisión bibliográfica.</subfield>
  </datafield>
  <datafield tag="260" ind1=" " ind2=" ">
    <subfield code="a">Zaragoza</subfield>
    <subfield code="b">Universidad de Zaragoza</subfield>
    <subfield code="c">2025</subfield>
  </datafield>
  <datafield tag="506" ind1=" " ind2=" ">
    <subfield code="a">by-nc-sa</subfield>
    <subfield code="b">Creative Commons</subfield>
    <subfield code="c">3.0</subfield>
    <subfield code="u">http://creativecommons.org/licenses/by-nc-sa/3.0/</subfield>
  </datafield>
  <datafield tag="520" ind1=" " ind2=" ">
    <subfield code="a">Introducción:&lt;br />La ataxia telangiectasia (AT) es una enfermedad genética autosómica recesiva caracterizada por degeneración cerebelosa, inmunodeficiencia y alto riesgo de cáncer, con una esperanza de vida media de 25 años. Su origen radica en la presencia de variantes genéticas en el gen ataxia telangiectasia mutado (ATM), y aunque su manifestación es común en la infancia, existen formas leves con síntomas tardíos. La AT carece de cura, por lo que el tratamiento se enfoca en mejorar la calidad de vida.&lt;br />Objetivo:&lt;br />Realizar una revisión bibliográfica sobre la Ataxia Telangiectasia.&lt;br />Metodología:&lt;br />Se ha realizado una búsqueda en distintas fuentes de información como PubMed, Scielo y Dialnet, además de utilizar otras fuentes debido a la falta de información sobre el tema.&lt;br />Desarrollo y resultados:&lt;br />La proteína ATM es clave para la estabilidad genómica, telomérica y cromosómica. Su deficiencia provoca inestabilidad cromosómica, sensibilidad a la radiación y disfunciones inmunes. Estos pacientes pueden presentar neurodegeneración progresiva, telangiectasias, anormalidades cutáneas, inmunodeficiencias, predisposición al cáncer, enfermedad pulmonar, resistencia a la insulina y trastornos metabólicos entre otros. El diagnóstico se basa en los hallazgos clínicos y distintas pruebas. Suele ser tardío por su heterogeneidad fenotípica.&lt;br />Es importante que el seguimiento y control de los pacientes con AT sea multidisciplinar para una mejor calidad de vida.&lt;br />Conclusión principal:&lt;br />Se requiere más investigación sobre el tema, especialmente en el ámbito de enfermería, para garantizar un mejor cuidado de los pacientes y sus familias.&lt;br />Palabras clave:&lt;br />Ataxia Telangiectasia, Genética, Riesgos, Diagnóstico precoz, Enfermería y Prevención primaria.&lt;br />&lt;br /></subfield>
  </datafield>
  <datafield tag="521" ind1=" " ind2=" ">
    <subfield code="a">Graduado en Enfermería</subfield>
  </datafield>
  <datafield tag="540" ind1=" " ind2=" ">
    <subfield code="a">Derechos regulados por licencia Creative Commons</subfield>
  </datafield>
  <datafield tag="856" ind1="0" ind2=" ">
    <subfield code="f">840379@celes.unizar.es</subfield>
  </datafield>
  <datafield tag="856" ind1="4" ind2=" ">
    <subfield code="s">1086626</subfield>
    <subfield code="u">http://zaguan.unizar.es/record/167470/files/TAZ-TFG-2025-376.pdf</subfield>
    <subfield code="y">Memoria (spa)</subfield>
  </datafield>
  <datafield tag="909" ind1="C" ind2="O">
    <subfield code="o">oai:zaguan.unizar.es:167470</subfield>
    <subfield code="p">driver</subfield>
    <subfield code="p">trabajos-fin-grado</subfield>
  </datafield>
  <datafield tag="950" ind1=" " ind2=" ">
    <subfield code="a"></subfield>
  </datafield>
  <datafield tag="691" ind1=" " ind2=" ">
    <subfield code="a">3 4 10</subfield>
  </datafield>
  <datafield tag="692" ind1=" " ind2=" ">
    <subfield code="a">Este trabajo aporta a la sostenibilidad ya que se centra en la Ataxia Telangiectasia, una enfermedad rara. Promueve el conocimiento clínico y científico para mejorar la atención integral y el seguimiento de estos pacientes. Fomenta también la educación en la salud, especialmente desde el ámbito enfermero, e impulsa una atención más equitativa e inclusiva, para disminuir las desigualdades en el acceso al cuidado. Además, la mejora de la calidad de vida de las personas afectadas y sus familias se relaciona con los principios de salud y bienestar sostenibles para todos.</subfield>
  </datafield>
  <datafield tag="700" ind1=" " ind2=" ">
    <subfield code="a">Casbas Biarge, Ana Mª</subfield>
    <subfield code="e">dir.</subfield>
  </datafield>
  <datafield tag="710" ind1="2" ind2=" ">
    <subfield code="a">Universidad de Zaragoza</subfield>
    <subfield code="b">Fisiatría y Enfermería</subfield>
    <subfield code="c">Enfermería</subfield>
  </datafield>
  <datafield tag="980" ind1=" " ind2=" ">
    <subfield code="a">TAZ</subfield>
    <subfield code="b">TFG</subfield>
    <subfield code="c">ENFHUES</subfield>
  </datafield>
  <datafield tag="999" ind1=" " ind2=" ">
    <subfield code="a">20250408155826.CREATION_DATE</subfield>
  </datafield>
  <datafield tag="951" ind1=" " ind2=" ">
    <subfield code="a">deposita:2026-01-21</subfield>
  </datafield>
</record>
</collection>